Kliknij aby przetłumaczyć – hiszpański - Statystyki

Ogólne statystyki
  • Ten quiz został rozwiązany 9 891 razy
  • Średni wynik to 10 z 20
Statystyki odpowiedzi
Hint Odpowiedź % Poprawnych
Oko Ojo
78%
Cebula Cebolla
74%
Książka Libro
64%
Szkoła Escuela
63%
Mężczyzna Hombre
62%
Niebieski Azul
61%
Czas Tiempo
61%
Życie Vida
59%
Niedziela Domingo
54%
Malować Pintar
53%
Poranek Mañana
49%
Świat Mundo
48%
Łóżko Cama
43%
Drzwi Puerta
40%
Wojna Guerra
39%
Ołówek Lápiz
35%
Deszcz Lluvia
35%
Zabawka Juguete
34%
Krowa Vaca
32%
Drewno Madera
27%
Nie znaleziono quizów pasujących do podanych kryteriów
Rozkład punktacji
Procent ludzi z każdym wynikiem
Percentyl według liczby udzielonych odpowiedzi
Twoja historia wyników
Nie rozwiązałeś tego quizu